| 000 | 00469nam a2200133 a 4500 | ||
|---|---|---|---|
| 001 | 000034128 | ||
| 005 | 20200930070810.0 | ||
| 008 | 110926s1926 dr 000 0 spa d | ||
| 040 |
_aDO-SdBNP _bspa _cBNPHU |
||
| 082 |
_axxxx _bD611 |
||
| 245 | 0 | 0 |
_aDiscurso pronunciado por el M. Y. canonigo M de J. Gonzalez : _ben la misa solemne del domingo 30 con motivo de la fiesta del día de las madres. |
| 260 |
_aSantiago, : _bLa información, _c1926. |
||
| 300 |
_a20 p. ; _c22 cm. |
||
| 999 |
_c33619 _d33619 |
||